| 000 | 01543cam a2200337 a 4500 | ||
|---|---|---|---|
| 001 | 15226471 | ||
| 005 | 20090831121417.0 | ||
| 008 | 080320s2009 maua | 001 0 eng | ||
| 010 | _a 2008013120 | ||
| 020 | _a9780763757564 (pbk.) | ||
| 020 | _a076375756X (pbk.) | ||
| 035 | _a(OCoLC)ocn214066235 | ||
| 040 |
_aDLC _cDLC _dBTCTA _dBAKER _dYDXCP _dOCLCG _dC#P _dCDX _dBWX _dDLC |
||
| 050 | 0 | 0 |
_aQA76.9.A43 _bM373 2009 |
| 082 | 0 | 0 |
_a005.133 _222 _bMCA |
| 100 | 1 |
_aMcAllister, William _q(William James) _913140 |
|
| 245 | 1 | 0 |
_aData structures and algorithms using Java / _cWilliam McAllister. |
| 260 |
_aSudbury, Mass. : _bJones and Bartlett Publishers, _cc2009. |
||
| 300 |
_axvi, 580 p. : _bill. ; _c24 cm. |
||
| 500 | _aIncludes index. | ||
| 500 | _aIncludes Glossary. | ||
| 500 | _aDonations. | ||
| 500 | _aDonated by:Dr. Khaled Nagaty. | ||
| 650 | 0 |
_aComputer algorithms. _913141 |
|
| 650 | 0 |
_aData structures (Computer science) _913142 |
|
| 650 | 0 |
_aJava (Computer program language) _913143 |
|
| 856 | 4 | 1 |
_3Table of contents only _uhttp://www.loc.gov/catdir/toc/ecip0814/2008013120.html |
| 942 |
_2ddc _cBB |
||
| 999 |
_c13788 _d13788 |
||